10 pencipta yang mengubah dunia

Bibliographic Details
Main Author: Gifford,Clive
Other Authors: Ani Izzuani Mohd Kassim (penterjemah), Cousens,David (Ilustrasi)
Format: Book
Published: Kuala Lumpur : Institut Terjemahan & Buku Malaysia Berhad , 2016
Series:Tokoh pengubah dunia
Subjects:

MARC

LEADER 00000cam a2200000 7i4500
001 0000071628
005 20170322.0
008 170322
020 |a 9789674601119 
020 |a 9789674601706 (set) 
090 0 0 |a BIO   |b MAL 
100 1 |a Gifford,Clive 
245 1 0 |a 10 pencipta yang mengubah dunia   |c Clive Gifford 
260 |a Kuala Lumpur :   |b Institut Terjemahan & Buku Malaysia Berhad ,   |c 2016 
300 |a 63 p. ;   |c 27.5 cm. 
490 1 |a Tokoh pengubah dunia 
500 |a Children ages 10-12 years old (pink) 
500 |a Includes index 
500 |a Terjemahan daripada 10 inventors who change the world 
541 0 0 |c Purchased on 2016 
650 0 |a Inventions   |x History 
650 0 |a Inventors   |x Biography 
700 0 |a Ani Izzuani Mohd Kassim ,   |e penterjemah 
700 1 |a Cousens,David ,   |e Ilustrasi 
999 |a 0001445330   |b Book   |c Children Collection   |e Cawangan Batu Pahat 
999 |a 0001445331   |b Book   |c Children Collection   |e Cawangan Segamat 
999 |a 0001445332   |b Book   |c Children Collection   |e Cawangan Pontian 
999 |a 0001445333   |b Book   |c Children Collection   |e Cawangan Taman Universiti 
999 |a 0001445334   |b Book   |c Children Collection   |e Cawangan Taman Universiti 
999 |a 0001445335   |b Book   |c Children Collection   |e Cawangan Taman Sri Lambak 
999 |a 0001445336   |b Book   |c Children Collection   |e Cawangan Taman Universiti 
999 |a 0001445337   |b Book   |c Children Collection   |e Cawangan Bandar Tenggara 
999 |a 0001445338   |b 35mm Slides   |c Children Collection   |e Cawangan Sri Merlong 
999 |a 0001445339   |b Book   |c Children Collection   |e Cawangan Bukit Gambir 
999 |a 0001445340   |b Book   |c Children Collection   |e Cawangan Muar 
999 |a 0001445341   |b Book   |c Children Collection   |e Cawangan Tmn. Ungku Tun Aminah 
999 |a 0001445342   |b Book   |c Children Collection   |e Cawangan Tangkak 
999 |a 0001445343   |b Book   |c Children Collection   |e Cawangan Bandar Penawar 
999 |a 0001445344   |b Book   |c Children Collection   |e Cawangan Mersing 
999 |a 0001445345   |b Book   |c Children Collection   |e Cawangan Kota Tinggi 
999 |a 0001445346   |b Book   |c Children Collection   |e Cawangan Taman Universiti 
999 |a 0001448029   |b Book   |c Children Collection   |e Perbadanan Perpustakaan Awam Johor 
999 |a 0001448030   |b Book   |c Children Collection   |e Perbadanan Perpustakaan Awam Johor 
999 |a 0001448031   |b Book   |c Children Collection   |e Cawangan AEON Kulaijaya 
999 |a 0001448032   |b Book   |c Children Collection   |e Cawangan Urban Transformation Centre